000 00544nam a22001577a 4500
008 240311b |||||||| |||| 00| 0 eng d
020 _a0029290104.
050 _aU21.2.C67
100 _aInger,David .J
_952562
245 _aThe correlates of war:11;
_btesting some realpolitik models,
_cJ.David SInger
260 _aNew York:
_bThe Free Press,
_c1980.
300 _axxxviii;
_b328p,
_c24cm.
650 _vResearch origins and rationale;
_xtesting some realpolitik models,
_952563
650 _xinternational relations.
942 _2lcc
_cMONOGRAPH
999 _c131838
_d131838